00630cam a2200193 a 450000100100000000500170001000800410002704000200006808200200008810000390010824500610014726000480020830000210025649000380027765000220031565000260033765000330036383000400039600000880220200929161418.0770112s1972 ve 000 f spa d aDO-SdBNPdBNPHU aV863.44bB641ho1 aBlanco-Fombona, Rufino,d1874-194413aEl hombre de hierro :bnovelin /cRufino Blanco Fombona. aCaracas, Venezuela :bMonte Ávila,c1972. a167 p. ;c16 cm.1 aBiblioteca popular. El Doradov26 4aNovela venezolana 4aLiteratura venezolana 4aLiteratura latinoaméricana 0aBiblioteca popular. El Dorado ;v26